00559pam a2200169 a 4500020001800000082001200018100002800030245002400058250004300082260003000125300005300155500002000208650002400228700001700252856006500269856005500334 a978812653687000a547 SOL1 aSolomons, T. W. Graham.10aOrganic chemistry / a10th ed. International student version aNew York :bWiley,c2004. a1 v. (various pagings) :1164bill. (some col.) ; aIncludes index. 0aChemistry, Organic. aFryhle,Craig42uhttp://www.loc.gov/catdir/description/wiley032/96022583.html4 uhttp://www.loc.gov/catdir/toc/onix03/96022583.html